[Event "DFMMLV 2019"]
[Site "Braunfels"]
[Date "2019.06.21"]
[Round "2.4"]
[White "Schneider, Birgit"]
[Black "Gheng, Simona"]
[Result "0-1"]
[WhiteElo "1874"]
[BlackElo "1991"]
[Annotator "NA RC"]
[PlyCount "98"]
[EventDate "2019.06.20"]
[EventType "team-tourn"]
[EventCountry "GER"]
[SourceTitle "playchess.com"]
[Source "ChessBase"]
[SourceQuality "1"]
[WhiteTeam "Baden"]
[BlackTeam "Wuerttemberg 1"]
[TimeControl "40/5400+30:1800+30"]

1. e4 {[%emt 0:00:00]} c5 {[%emt 0:00:00]} 2. c3 {[%emt 0:00:00]} d6 {[%emt 0:00:30]} 3. d4 {[%emt 0:00:08]} cxd4 {[%emt 0:00:20]} 4. cxd4 {[%emt 0:00:10]} g6 {[%emt 0:00:25]} 5. Nc3 {[%emt 0:00:52]} Bg7 {[%emt 0:00:32]} 6. h3 {[%emt 0:02:23]} Nc6 {[%emt 0:03:03]} 7. Nf3 {[%emt 0:01:25]} a6 {[%emt 0:01:47]} 8. Be2 {[%emt 0:04:33]} Nf6 {[%emt 0:05:25]} 9. O-O {[%emt 0:03:55]} Nd7 {[%emt 0:02:33]} 10. Be3 {[%emt 0:03:30]} b5 {[%emt 0:04:46]} 11. a3 {[%emt 0:06:37]} Bb7 {[%emt 0:01:06]} 12. Rc1 {[%emt 0:08:09]} Rc8 {[%emt 0:00:59]} 13. Qb3 {[%emt 0:09:42]} Na5 {[%emt 0:05:43]} 14. Qa2 {[%emt 0:03:43]} Nc4 {[%emt 0:00:44]} 15. Bxc4 {[%emt 0:03:28]} Rxc4 {[%emt 0:01:36]} 16. a4 {[%emt 0:10:49]} O-O {[%emt 0:05:49]} 17. axb5 {[%emt 0:03:09]} axb5 {[%emt 0:00:27]} 18. Nd2 {[%emt 0:06:04]} Rc8 {[%emt 0:00:25]} 19. Nd5 {[%emt 0:06:13]} Bxd5 {[%emt 0:02:05]} 20. Qxd5 {[%emt 0:02:47]} Rb8 {[%emt 0:10:48]} 21. Rc2 {[%emt 0:03:01]} Qa5 {[%emt 0:03:50]} 22. Rfc1 {[%emt 0:02:17]} Nb6 {[%emt 0:01:06]} 23. Qb3 {[%emt 0:01:45]} h5 {[%emt 0:06:09]} 24. Rc7 {[%emt 0:02:50]} Nc4 {[%emt 0:03:24]} 25. Nxc4 {[%emt 0:07:16]} Qxc7 {[%emt 0:00:42]} 26. Ne5 {[%emt 0:00:40]} Qb7 {[%emt 0:01:17]} 27. Nxg6 {[%emt 0:01:48]} Rfc8 {[%emt 0:00:52]} 28. Rxc8+ {[%emt 0:00:50]} Rxc8 {[%emt 0:00:08]} 29. Nf4 {[%emt 0:03:47]} Qxe4 {[%emt 0:01:56]} 30. Nxh5 {[%emt 0:00:41]} Bxd4 {[%emt 0:01:49]} 31. Bxd4 {[%emt 0:00:31]} Rc1+ {[%emt 0:01:13]} 32. Kh2 {[%emt 0:00:26]} Qxd4 {[%emt 0:00:16]} 33. Qg3+ {[%emt 0:01:47]} Kf8 {[%emt 0:00:26]} 34. Nf4 {[%emt 0:00:51]} Rc4 {[%emt 0:05:49]} 35. Nd3 {[%emt 0:00:44]} Qf6 {[%emt 0:02:58]} 36. Qe3 {[%emt 0:00:19]} Rd4 {[%emt 0:01:35]} 37. g3 {[%emt 0:00:29]} e5 {[%emt 0:00:27]} 38. Kg2 {[%emt 0:00:28]} Qg6 {[%emt 0:00:44]} 39. Ne1 {[%emt 0:00:20]} Qe4+ {[%emt 0:00:34]} 40. Qxe4 {[%emt 0:00:48]} Rxe4 {[%emt 0:00:05]} 41. Nf3 {[%emt 0:04:30]} Rb4 {[%emt 0:00:30]} 42. Ng5 {[%emt 0:02:19]} d5 {[%emt 0:01:08]} 43. h4 {[%emt 0:01:15]} Rxb2 {[%emt 0:01:00]} 44. Kf3 {[%emt 0:00:56]} Kg7 {[%emt 0:00:24]} 45. Ke3 {[%emt 0:00:43]} d4+ {[%emt 0:00:19]} 46. Kf3 {[%emt 0:01:19]} f5 {[%emt 0:00:27]} 47. Nh3 {[%emt 0:02:14]} Rb3+ {[%emt 0:00:32]} 48. Ke2 {[%emt 0:00:21]} Rc3 {[%emt 0:00:42]} 49. Kd2 {[%emt 0:04:34]} b4 {[%emt 0:00:19]} 0-1

[Event "DFMMLV 2019"]
[Site "Braunfels"]
[Date "2019.06.21"]
[Round "2.5"]
[White "Zeller, Elisa"]
[Black "Boettger, Sina Fleur"]
[Result "1/2-1/2"]
[WhiteElo "1953"]
[BlackElo "1744"]
[Annotator "NA RC"]
[PlyCount "126"]
[EventDate "2019.06.20"]
[EventType "team-tourn"]
[EventCountry "GER"]
[SourceTitle "playchess.com"]
[Source "ChessBase"]
[SourceQuality "1"]
[WhiteTeam "Wuerttemberg 1"]
[BlackTeam "Baden"]
[TimeControl "40/5400+30:1800+30"]

1. e4 {[%emt 0:00:00]} c5 {[%emt 0:00:00]} 2. Nf3 {[%emt 0:00:00]} Nc6 {[%emt 0:00:00]} 3. d4 {[%emt 0:00:00]} cxd4 {[%emt 0:00:00]} 4. Nxd4 {[%emt 0:00:00]} g6 {[%emt 0:00:00]} 5. Nc3 {[%emt 0:00:23]} Bg7 {[%emt 0:00:00]} 6. Be3 {[%emt 0:00:11]} Nf6 {[%emt 0:00:22]} 7. Be2 {[%emt 0:00:14]} O-O {[%emt 0:02:53]} 8. O-O {[%emt 0:00:24]} d5 {[%emt 0:03:04]} 9. exd5 {[%emt 0:05:20]} Nxd5 {[%emt 0:00:06]} 10. Nxd5 {[%emt 0:01:05]} Qxd5 {[%emt 0:00:06]} 11. Bf3 {[%emt 0:00:50]} Qc4 {[%emt 0:07:43]} 12. b3 {[%emt 0:19:05] B34: Sicilian: Accelerated Dragon with 5 Nc3: sidelines} (12. Nxc6 bxc6 13. c3 Be6 14. b3 Qxc3 15. Rc1 Qa5 16. Bxc6 Rac8 17. Qe2 Rfd8 18. h3 Bd4 19. Bh6 Bg7 20. Be3 Bd4 21. Bh6 Bg7 22. Be3 Bd4 {½-½ (22) Jobava,B (2727)-Vachier Lagrave,M (2757) Wijk aan Zee 2015}) 12... Qc3 {[%emt 0:09:20]} 13. Nxc6 {[%emt 0:03:36]} bxc6 {[%emt 0:02:07]} 14. Rb1 {[%emt 0:03:00]} Ba6 $146 {[%emt 0:20:44]} ({Predecessor:} 14... Bf5 15. Rc1 Rfd8 16. Qe2 Rd6 17. Rfd1 a5 18. g4 Be6 19. Bd2 Qb2 {½-½ (65) Hornik,B (1807)-Wolanski,M (1923) Wagrowiec 2017}) 15. Re1 {[%emt 0:00:09]} Rad8 {[%emt 0:03:09]} 16. Qc1 {[%emt 0:01:51]} Bd4 {[%emt 0:19:44]} 17. Bxd4 {[%emt 0:01:37]} Rxd4 {[%emt 0:01:13]} 18. Qe3 {[%emt 0:04:11]} Qxe3 {[%emt 0:01:23]} 19. Rxe3 {[%emt 0:00:14]} e6 {[%emt 0:08:37]} 20. Bxc6 {[%emt 0:03:04]} Rd2 {[%emt 0:02:17]} 21. Be4 {[%emt 0:03:32]} Rfd8 {[%emt 0:02:41]} 22. a4 {[%emt 0:01:49]} f5 {[%emt 0:00:23]} 23. Bf3 {[%emt 0:00:11]} Kf7 {[%emt 0:04:02]} 24. c4 {[%emt 0:00:10]} Kf6 {[%emt 0:00:42]} 25. Rbe1 {[%emt 0:00:21]} Re8 {[%emt 0:01:39]} 26. Re5 {[%emt 0:03:59]} Rd6 {[%emt 0:02:14]} 27. c5 {[%emt 0:00:50]} Rd3 {[%emt 0:00:21]} 28. b4 {[%emt 0:00:19]} Bc4 {[%emt 0:00:21]} 29. c6 {[%emt 0:00:31]} Rc8 {[%emt 0:02:36]} 30. b5 {[%emt 0:00:17]} Rc7 {[%emt 0:01:38]} 31. Be2 {[%emt 0:17:49]} Kxe5 {[%emt 0:00:17]} 32. Bxd3+ {[%emt 0:00:09]} Kd4 {[%emt 0:00:21]} 33. Bxc4 {[%emt 0:00:05]} Kxc4 {[%emt 0:00:04]} 34. Rxe6 {[%emt 0:00:06]} Kb4 {[%emt 0:00:03]} 35. Rd6 {[%emt 0:00:55]} Kxa4 {[%emt 0:00:12]} 36. Rd7 {[%emt 0:00:37]} Rc8 {[%emt 0:00:00]} 37. Rxa7+ {[%emt 0:03:26]} Kxb5 {[%emt 0:00:08]} 38. Rxh7 {[%emt 0:00:09]} Kxc6 {[%emt 0:01:55]} 39. h4 {[%emt 0:00:49]} Kd5 {[%emt 0:00:12]} 40. Kh2 {[%emt 0:01:57]} Ke5 {[%emt 0:02:19]} 41. Rb7 {[%emt 0:33:58]} Rh8 {[%emt 0:11:36]} 42. Kg3 {[%emt 0:00:00]} Kf6 {[%emt 0:01:08]} 43. Rb4 {[%emt 0:00:00]} Ke6 {[%emt 0:02:55]} 44. Kf3 {[%emt 0:00:00]} Kf6 {[%emt 0:02:43]} 45. g3 {[%emt 0:00:00]} Ra8 {[%emt 0:02:01]} 46. Kf4 {[%emt 0:00:00]} Ra6 {[%emt 0:01:42]} 47. g4 {[%emt 0:00:00]} fxg4 {[%emt 0:00:51]} 48. Kxg4 {[%emt 0:00:00]} Ra5 {[%emt 0:01:51]} 49. Rf4+ {[%emt 0:00:00]} Kg7 {[%emt 0:00:05]} 50. Re4 {[%emt 0:00:00]} Rb5 {[%emt 0:01:10]} 51. f4 {[%emt 0:00:00]} Rb1 {[%emt 0:02:26]} 52. Re3 {[%emt 0:00:00]} Rb5 $11 {[%emt 0:01:46]} 53. Re5 {[%emt 0:00:00]} Rb1 {[%emt 0:01:00]} 54. h5 {[%emt 0:00:00]} Rg1+ {[%emt 0:01:31]} 55. Kf3 {[%emt 0:00:00]} gxh5 {[%emt 0:02:51]} 56. Rxh5 {[%emt 0:00:00]} Kf6 {[%emt 0:00:07]} 57. Ra5 {[%emt 0:00:00]} Rf1+ {[%emt 0:00:32]} 58. Kg3 {[%emt 0:00:00]} Rg1+ {[%emt 0:00:11]} 59. Kf2 {[%emt 0:00:00]} Rb1 {[%emt 0:00:38]} 60. Ra8 {[%emt 0:00:00]} Rb3 {[%emt 0:01:04]} 61. Rf8+ {[%emt 0:00:00]} Kg6 {[%emt 0:00:31]} 62. Rc8 {[%emt 0:01:14]} Kf5 {[%emt 0:00:09]} 63. Rc4 {[%emt 0:01:01]} Ra3 {[%emt 0:00:13]} 1/2-1/2

[Event "DFMMLV 2019"]
[Site "Braunfels"]
[Date "2019.06.21"]
[Round "2.6"]
[White "Grining, Maria"]
[Black "Heil, Marina"]
[Result "0-1"]
[WhiteElo "1709"]
[BlackElo "1979"]
[Annotator "NA RC"]
[PlyCount "96"]
[EventDate "2019.06.20"]
[EventType "team-tourn"]
[EventCountry "GER"]
[SourceTitle "playchess.com"]
[Source "ChessBase"]
[SourceQuality "1"]
[WhiteTeam "Baden"]
[BlackTeam "Wuerttemberg 1"]
[TimeControl "40/5400+30:1800+30"]

1. d4 {[%emt 0:00:00]} g6 {[%emt 0:00:00]} 2. Nf3 {[%emt 0:00:00]} Bg7 {[%emt 0:00:00]} 3. c4 {[%emt 0:00:02]} c5 {[%emt 0:00:15]} 4. e3 {[%emt 0:01:08]} cxd4 {[%emt 0:01:00]} 5. exd4 {[%emt 0:00:30]} d6 {[%emt 0:00:38]} 6. Nc3 {[%emt 0:03:17]} Nf6 {[%emt 0:02:16]} 7. Be2 {[%emt 0:03:03]} O-O {[%emt 0:02:24]} 8. O-O {[%emt 0:01:55]} Nc6 {[%emt 0:00:44]} 9. a3 {[%emt 0:06:52]} a6 {[%emt 0:03:09]} 10. h3 {[%emt 0:10:58]} Qc7 {[%emt 0:04:20]} 11. Be3 {[%emt 0:03:14]} Na5 {[%emt 0:02:36]} 12. Na4 {[%emt 0:15:56]} Nxc4 {[%emt 0:17:17]} 13. Bxc4 {[%emt 0:00:40]} b5 {[%emt 0:01:50]} 14. Bd3 {[%emt 0:07:17]} bxa4 {[%emt 0:00:15]} 15. Qxa4 {[%emt 0:01:23]} Bd7 {[%emt 0:01:06]} 16. Qd1 {[%emt 0:01:27]} Rfb8 {[%emt 0:03:12]} 17. Qe2 {[%emt 0:02:03]} Bb5 {[%emt 0:05:03]} 18. Bxb5 {[%emt 0:04:28]} Rxb5 {[%emt 0:00:20]} 19. Rfc1 {[%emt 0:01:42]} Qb7 {[%emt 0:00:45]} 20. Rc2 {[%emt 0:03:02]} Rb3 {[%emt 0:07:50]} 21. Rac1 {[%emt 0:03:55]} Nd5 {[%emt 0:02:31]} 22. Ne1 {[%emt 0:04:27]} Rb8 {[%emt 0:06:14]} 23. Nd3 {[%emt 0:01:48]} h6 {[%emt 0:11:46]} 24. Qd2 {[%emt 0:04:41]} a5 {[%emt 0:10:15]} 25. Rd1 {[%emt 0:06:30]} Qb5 {[%emt 0:01:19]} 26. a4 {[%emt 0:02:54]} Qxa4 {[%emt 0:02:20]} 27. Nc1 {[%emt 0:00:16]} Rxb2 {[%emt 0:02:02]} 28. Rxb2 {[%emt 0:03:56]} Rxb2 {[%emt 0:00:05]} 29. Qxb2 {[%emt 0:00:32]} Qxd1+ {[%emt 0:00:07]} 30. Kh2 {[%emt 0:00:02]} Qa4 {[%emt 0:09:16]} 31. Ne2 {[%emt 0:01:28]} Qc4 {[%emt 0:01:18]} 32. Qd2 {[%emt 0:00:59]} a4 {[%emt 0:00:41]} 33. Nf4 {[%emt 0:00:51]} Nxf4 {[%emt 0:01:05]} 34. Bxf4 {[%emt 0:00:05]} Bxd4 {[%emt 0:00:59]} 35. Bxh6 {[%emt 0:00:21]} Be5+ {[%emt 0:00:18]} 36. g3 {[%emt 0:00:16]} Qb3 {[%emt 0:01:02]} 37. Qa5 {[%emt 0:01:23]} Kh7 {[%emt 0:00:02]} 38. Bg5 {[%emt 0:00:47]} Qc2 {[%emt 0:00:32]} 39. Be3 {[%emt 0:00:22]} Kg7 {[%emt 0:00:33]} 40. Qb4 {[%emt 0:00:32]} Qb3 {[%emt 0:00:23]} 41. Qh4 {[%emt 0:30:49]} Bf6 {[%emt 0:31:17]} 42. Bh6+ {[%emt 0:00:45]} Kg8 {[%emt 0:00:43]} 43. Bg5 {[%emt 0:03:40]} a3 {[%emt 0:00:00]} 44. Bxf6 {[%emt 0:00:00]} exf6 {[%emt 0:00:00]} 45. Qxf6 {[%emt 0:00:00]} Qb2 {[%emt 0:00:00]} 46. Qd8+ {[%emt 0:00:00]} Kg7 {[%emt 0:00:00]} 47. Qxd6 {[%emt 0:00:00]} Qxf2+ {[%emt 0:00:00]} 48. Kh1 {[%emt 0:00:00]} Qb2 {[%emt 0:00:00]} 0-1

[Event "DFMMLV 2019"]
[Site "Braunfels"]
[Date "2019.06.21"]
[Round "2.7"]
[White "Valkova, Anzhelika"]
[Black "Doll, Rebecca"]
[Result "1-0"]
[WhiteElo "1944"]
[BlackElo "1678"]
[Annotator "NA RC"]
[PlyCount "65"]
[EventDate "2019.06.20"]
[EventType "team-tourn"]
[EventCountry "GER"]
[SourceTitle "playchess.com"]
[Source "ChessBase"]
[SourceQuality "1"]
[WhiteTeam "Wuerttemberg 1"]
[BlackTeam "Baden"]
[TimeControl "40/5400+30:1800+30"]

1. d4 {[%emt 0:00:00]} Nf6 {[%emt 0:00:00]} 2. c4 {[%emt 0:00:00]} e6 {[%emt 0:00:00]} 3. Nc3 {[%emt 0:00:00]} d5 {[%emt 0:00:00]} 4. Bg5 {[%emt 0:00:00]} Nbd7 {[%emt 0:00:06]} 5. Nf3 {[%emt 0:00:22]} Be7 {[%emt 0:00:13]} 6. e3 {[%emt 0:00:05]} c6 {[%emt 0:00:06]} 7. Qc2 {[%emt 0:01:12]} h6 {[%emt 0:04:48]} 8. Bh4 {[%emt 0:00:51]} b6 {[%emt 0:03:17]} 9. Rc1 {[%emt 0:03:29]} Bb7 {[%emt 0:01:35]} 10. cxd5 {[%emt 0:01:54]} cxd5 {[%emt 0:01:28]} 11. Bd3 {[%emt 0:04:29]} O-O {[%emt 0:10:00]} 12. O-O {[%emt 0:00:04]} a6 {[%emt 0:06:32]} 13. Na4 {[%emt 0:08:47]} Re8 {[%emt 0:11:29]} 14. Bg3 {[%emt 0:00:36]} b5 {[%emt 0:07:32]} 15. Nc5 {[%emt 0:09:31]} Qb6 {[%emt 0:05:59]} 16. Nxd7 {[%emt 0:08:22]} Nxd7 {[%emt 0:00:17]} 17. Qc7 {[%emt 0:00:19]} Qxc7 {[%emt 0:11:37]} 18. Rxc7 {[%emt 0:00:05]} Bc8 {[%emt 0:00:11]} 19. Rfc1 {[%emt 0:00:23]} Nf6 {[%emt 0:04:14]} 20. Kf1 {[%emt 0:13:36]} Ne4 {[%emt 0:04:22]} 21. R1c6 {[%emt 0:07:47]} Nxg3+ {[%emt 0:06:33]} 22. hxg3 {[%emt 0:00:06]} Rb8 {[%emt 0:01:31]} 23. Ra7 {[%emt 0:09:07]} Bd8 {[%emt 0:04:32]} 24. Ne5 {[%emt 0:00:28]} Bb7 {[%emt 0:04:48]} 25. Rd6 {[%emt 0:00:04]} Re7 {[%emt 0:03:03]} 26. Rd7 {[%emt 0:03:19]} Bb6 {[%emt 0:02:27]} 27. Rxe7 {[%emt 0:00:51]} Bxa7 {[%emt 0:00:09]} 28. Nxf7 {[%emt 0:04:29]} Kf8 {[%emt 0:02:44]} 29. Rd7 {[%emt 0:00:05]} Bb6 {[%emt 0:00:14]} 30. Ne5 {[%emt 0:02:12]} Bc8 {[%emt 0:00:57]} 31. Bh7 {[%emt 0:00:38]} g5 {[%emt 0:01:42]} 32. Rf7+ {[%emt 0:00:34]} Ke8 {[%emt 0:00:08]} 33. Bg6 {[%emt 0:00:06]} 1-0

[Event "DFMMLV 2019"]
[Site "Braunfels"]
[Date "2019.06.21"]
[Round "2.8"]
[White "Landenberger, Anja Kathrin"]
[Black "Noppes, Marina"]
[Result "1/2-1/2"]
[WhiteElo "1781"]
[BlackElo "1983"]
[Annotator "NA RC"]
[PlyCount "46"]
[EventDate "2019.06.20"]
[EventType "team-tourn"]
[EventCountry "GER"]
[SourceTitle "playchess.com"]
[Source "ChessBase"]
[SourceQuality "1"]
[WhiteTeam "Baden"]
[BlackTeam "Wuerttemberg 1"]
[TimeControl "40/5400+30:1800+30"]

1. d4 {[%emt 0:00:00]} Nf6 {[%emt 0:00:15]} 2. Nf3 {[%emt 0:00:09]} c5 {[%emt 0:00:48]} 3. c3 {[%emt 0:03:47]} e6 {[%emt 0:03:49]} 4. Bf4 {[%emt 0:04:01]} Be7 {[%emt 0:01:42]} 5. h3 {[%emt 0:01:38]} O-O {[%emt 0:05:35]} 6. e3 {[%emt 0:00:31]} d5 {[%emt 0:00:15]} 7. Nbd2 {[%emt 0:01:57]} b6 {[%emt 0:01:42]} 8. Be2 {[%emt 0:00:55]} Bb7 {[%emt 0:01:21]} 9. O-O {[%emt 0:03:53]} Nbd7 {[%emt 0:09:01]} 10. Ne5 {[%emt 0:12:37]} Nxe5 {[%emt 0:09:27]} 11. Bxe5 {[%emt 0:01:19]} Nd7 {[%emt 0:01:48]} 12. Bh2 {[%emt 0:02:47]} Re8 {[%emt 0:04:12]} 13. Qa4 {[%emt 0:14:48]} a6 {[%emt 0:02:36]} 14. Nf3 {[%emt 0:07:16]} Bf6 {[%emt 0:02:47]} 15. Rad1 {[%emt 0:04:24]} Qc8 {[%emt 0:13:56]} 16. b4 {[%emt 0:10:56]} Bc6 {[%emt 0:20:06]} 17. Qb3 {[%emt 0:03:34]} Bb5 {[%emt 0:01:09]} 18. Bxb5 {[%emt 0:01:06]} axb5 {[%emt 0:03:39]} 19. bxc5 {[%emt 0:01:57]} bxc5 {[%emt 0:00:03]} 20. Qxb5 {[%emt 0:00:25]} Rxa2 {[%emt 0:00:24]} 21. Ra1 {[%emt 0:00:31]} Rxa1 {[%emt 0:03:18]} 22. Rxa1 {[%emt 0:00:06]} cxd4 {[%emt 0:02:13]} 23. cxd4 {[%emt 0:03:15]} Rd8 1/2-1/2

[Event "DFMMLV 2019"]
[Site "Braunfels"]
[Date "2019.06.21"]
[Round "2.9"]
[White "Steinbacher, Claudia"]
[Black "Kushka, Alena"]
[Result "1-0"]
[WhiteElo "2080"]
[BlackElo "2148"]
[Annotator "TA"]
[PlyCount "83"]
[EventDate "2019.06.20"]
[EventType "team-tourn"]
[EventCountry "GER"]
[SourceTitle "playchess.com"]
[Source "ChessBase"]
[SourceQuality "1"]
[WhiteTeam "Sachsen"]
[BlackTeam "Hessen 1"]

{[%evp 21,83,0,10,0,30,-1,56,-43,47,6,18,19,41,14,76,31,38,21,34,9,136,141,191,194,251,245,309,288,300,312,331,314,313,324,401,282,294,291,343,296,273,219,328,205,218,201,533,281,285,183,343,342,393,153,164,0,207,88,543,279,2631,2466,2010,1927]} 1. d4 Nf6 2. c4 c5 3. d5 g6 4. Nc3 d6 5. e4 Bg7 6. Bd3 O-O 7. f4 e6 8. Nf3 exd5 9. cxd5 Re8 10. O-O c4 11. Bc2 b5 {Threatening ...b4.} 12. a3 {A68: Modern Benoni: Four Pawns Attack without 9...Re8} Qb6+ 13. Kh1 Nbd7 ({Black should play} 13... a5 $11) 14. h3 (14. Qe1 $14) 14... Nc5 $146 (14... a5 $1 $15) ({Predecessor:} 14... a6 15. Re1 Nc5 {1-0 (47) Nestorenko,D (2193)-Berek,G (2189) Slovakia 2018}) 15. Re1 Nfd7 16. Be3 a5 17. Bd4 f6 (17... Bxd4 $11 18. Qxd4 Rb8) 18. Nd2 Ba6 $1 19. Qf3 b4 20. axb4 (20. Na4 $5 {[%cal Ra4b6]} Qb5 21. Nxc5 Nxc5 22. f5 $14) 20... Qxb4 (20... axb4 $11 21. Na4 Qb8) 21. Reb1 $16 Reb8 22. Qe3 Bc8 (22... Bh6 $142 23. g3 Nb3) 23. Ne2 a4 24. Bc3 Qb5 25. Nd4 Qa6 26. Nc6 Rb6 27. Na5 Nb3 28. Naxb3 cxb3 {[#]} 29. Bxb3 $1 {[%mdl 576] Pin} Nc5 (29... axb3 30. Rxa6) 30. Bc4 Qb7 31. e5 Bf5 (31... fxe5 {was worth a try.} 32. fxe5 Bf5) 32. Rf1 fxe5 33. fxe5 Qe7 $2 (33... Rxb2 34. g4 (34. exd6 Bxc3 35. Qxc3 Qb4 $11) 34... Bd7 35. Bxb2 (35. exd6 Bxc3 36. Qxc3 Qb4 $11) 35... Qxb2) 34. e6 {b4 is the strong threat.} Bxc3 35. bxc3 ({Don't play} 35. Qxc3 $6 Qg7 $18) 35... Qh4 $2 (35... Rb2 {might work better.} 36. Kg1 Qh4) 36. Rf4 $18 Qh6 37. Qf2 $2 (37. Bf1 $18) 37... Rb2 $16 {[#]} 38. Qe3 $2 ({Better is} 38. Kg1 $1 $18) 38... a3 $2 {[#]} (38... Rb6 $1 $11 {and Black is okay.}) 39. e7 (39. Kg1 $1 $18) 39... Rbb8 $2 {[%mdl 8192]} (39... Re8 $16 {is more resistant.}) 40. Rxa3 Qxf4 $2 (40... Rxa3 41. e8=Q+ Rxe8 42. Qxe8+ Qf8 43. Qxf8+ Kxf8) 41. Qxf4 $18 Rxa3 42. Qxd6 {[%mdl 64] Double Attack. Accuracy: White = 41%, Black = 10%.} 1-0

[Event "DFMMLV 2019"]
[Site "Braunfels"]
[Date "2019.06.21"]
[Round "2.10"]
[White "Rieseler, Caroline"]
[Black "Arnhold, Steffi"]
[Result "0-1"]
[WhiteElo "2111"]
[BlackElo "1996"]
[Annotator "TA"]
[PlyCount "56"]
[EventDate "2019.06.20"]
[EventType "team-tourn"]
[EventCountry "GER"]
[SourceTitle "playchess.com"]
[Source "ChessBase"]
[SourceQuality "1"]
[WhiteTeam "Hessen 1"]
[BlackTeam "Sachsen"]

{[%evp 14,92,23,26,31,35,36,31,52,45,43,43,51,52,54,49,41,33,68,45,51,37,34,22,59,19,51,52,51,71,168,135,155,181,153,0,237,212,206,162,133,140,162,105,117,0,250,194,247,245,232,228,254,242,275,313,331,0,0,0,0,-3,-4,-231,-227,-256,-258,-315,-287,-366,-266,-497,-490,-689,-671,-1154,-1118,-29989,-29973,-29972,-4694]} 1. e4 c5 2. Nf3 e6 3. d4 cxd4 4. Nxd4 a6 5. Nc3 Qc7 6. Bd3 Nf6 7. Qe2 d6 8. O-O Nc6 {B42: Sicilian: Kan Variation: 5 Bd3} (8... Be7 9. Bd2 O-O 10. Nb3 {½-½ (10) Jovanovic,Z (2534)-Markus,R (2650) Mali Losinj 2017}) 9. Nxc6 bxc6 10. b3 Be7 {White is slightly better.} 11. Bb2 e5 12. Na4 O-O 13. c4 Nd7 14. Rac1 Bg5 15. Rcd1 $146 {[%cal Bc1d1,Bd1d3,Bd3g3][%mdl 32]} ({Predecessor:} 15. Rc2 Nc5 16. Nxc5 dxc5 {1-0 (32) Kutuzovic,B (2413)-Rezan,S (2323) Pula 2001}) 15... Bb7 16. Qg4 Bh6 17. Bb1 Rfe8 18. Rd3 Nf6 19. Qh4 $1 d5 20. exd5 cxd5 21. Rg3 Kh8 {[#]} (21... Bf4 $16) 22. f4 $1 $18 {[%cal Rf4e5]} Ne4 23. Bxe4 $1 (23. Bxe5 Rxe5 24. fxe5 Nxg3 $11) 23... dxe4 24. Qh5 $2 (24. fxe5 $16 {Black must now prevent Qxh6!} Re6 25. Qh5) 24... Rad8 $2 (24... f6 $11 {and Black stays safe.} 25. fxe5 fxe5) 25. fxe5 Re6 26. Qxf7 Qxf7 27. Rxf7 $40 {[%mdl 128] White wants a kill.} e3 {[#] ...Rd1+ is the strong threat.} 28. Nc3 ({White should try} 28. Kf1 $1 $18 Bc6 29. Bc3) 28... Ba8 {Played: Bb7-e4} 0-1

[Event "DFMMLV 2019"]
[Site "Braunfels"]
[Date "2019.06.21"]
[Round "2.11"]
[White "Daemering, Katrin"]
[Black "Bluebaum, Johanna"]
[Result "1/2-1/2"]
[WhiteElo "2003"]
[BlackElo "2003"]
[Annotator "NA RC"]
[PlyCount "102"]
[EventDate "2019.06.20"]
[EventType "team-tourn"]
[EventCountry "GER"]
[SourceTitle "playchess.com"]
[Source "ChessBase"]
[SourceQuality "1"]
[WhiteTeam "Sachsen"]
[BlackTeam "Hessen 1"]
[TimeControl "40/5400+30:1800+30"]

1. Nf3 {[%emt 0:00:00]} d5 {[%emt 0:01:05]} 2. g3 {[%emt 0:00:00]} e6 {[%emt 0:07:53]} 3. Bg2 {[%emt 0:01:08]} Nf6 {[%emt 0:00:19]} 4. d3 {[%emt 0:00:17]} c5 {[%emt 0:01:43]} 5. Nbd2 {[%emt 0:01:04]} Nc6 {[%emt 0:00:26]} 6. O-O {[%emt 0:01:23]} Be7 {[%emt 0:01:08]} 7. e4 {[%emt 0:01:13]} O-O {[%emt 0:00:25]} 8. Re1 {[%emt 0:01:54]} b6 {[%emt 0:05:50]} 9. e5 {[%emt 0:03:01]} Nd7 {[%emt 0:01:41]} 10. Nf1 {[%emt 0:01:01]} Qc7 {[%emt 0:06:33]} 11. Bf4 {[%emt 0:00:47]} Ba6 {[%emt 0:03:07]} 12. h4 {[%emt 0:04:29]} Rac8 {[%emt 0:04:37] C00: French: Unusual White 2nd moves} (12... Rfd8 13. N1h2 Nf8 14. h5 h6 15. Ng4 Nh7 16. Qd2 Bf8 17. Nh4 Rac8 18. Ng6 fxg6 19. hxg6 Qe7 20. gxh7+ Kxh7 {1-0 (42) Vorobiov,E (2555)-Ulziikhishigjargal,O (1941) Pavlodar 2017}) 13. N1h2 {[%emt 0:07:19]} Rfd8 {[%emt 0:14:53]} 14. Bh3 $146 {[%emt 0:12:31]} ({Predecessor:} 14. Ng5 h6 15. Nxf7 Kxf7 16. Bxd5 Nf8 17. Be4 Ke8 18. Qh5+ {1-0 (51) Shiomi,R (2072)-Abdul Adhim,M (2202) Mallorca 2004}) 14... Nf8 {[%emt 0:02:35]} 15. h5 {[%emt 0:00:14]} d4 {[%emt 0:03:06]} 16. a3 {[%emt 0:08:27]} c4 {[%emt 0:10:25]} 17. Ng4 {[%emt 0:08:13]} cxd3 {[%emt 0:02:18]} 18. cxd3 {[%emt 0:00:02]} Rd5 {[%emt 0:08:49]} 19. b4 {[%emt 0:07:52]} Qd8 {[%emt 0:01:56]} 20. Rc1 {[%emt 0:07:38]} Nb8 {[%emt 0:02:03]} 21. Bg2 {[%emt 0:02:00]} Rxc1 {[%emt 0:00:44]} 22. Bxc1 {[%emt 0:00:03]} Rd7 {[%emt 0:02:58]} 23. Bb2 {[%emt 0:01:57]} Bb7 {[%emt 0:00:50]} 24. Nd2 {[%emt 0:08:50]} Bxg2 {[%emt 0:01:47]} 25. Kxg2 {[%emt 0:00:02]} Qc8 {[%emt 0:01:43]} 26. Nb3 {[%emt 0:04:36]} Qa6 {[%emt 0:06:14]} 27. Nxd4 {[%emt 0:05:22]} h6 {[%emt 0:00:06]} 28. Qe2 {[%emt 0:03:34]} b5 {[%emt 0:01:20]} 29. Rc1 {[%emt 0:01:37]} Bd8 {[%emt 0:01:32]} 30. Qe4 {[%emt 0:01:44]} Rc7 {[%emt 0:01:43]} 31. Rxc7 Bxc7 32. Nb3 {[%emt 0:03:12]} Nfd7 {[%emt 0:01:24]} 33. d4 {[%emt 0:00:18]} Nb6 {[%emt 0:00:42]} 34. Nc5 {[%emt 0:00:37]} Qc8 {[%emt 0:00:07]} 35. Ne3 {[%emt 0:00:23]} Qd8 {[%emt 0:01:48]} 36. f4 {[%emt 0:01:37]} Nd5 {[%emt 0:00:37]} 37. Nxd5 {[%emt 0:01:19]} Qxd5 {[%emt 0:00:51]} 38. Qxd5 {[%emt 0:00:25]} exd5 {[%emt 0:00:02]} 39. f5 {[%emt 0:01:17]} Nc6 {[%emt 0:00:36]} 40. Kf3 {[%emt 0:00:44]} Bd8 {[%emt 0:01:34]} 41. Ke2 {[%emt 0:09:31]} Kf8 {[%emt 0:06:14]} 42. Kd2 {[%emt 0:05:41]} Bg5+ {[%emt 0:00:41]} 43. Kd3 {[%emt 0:00:17]} Ke8 {[%emt 0:02:53]} 44. Nb3 {[%emt 0:02:33]} Be7 $18 {[%emt 0:03:14]} 45. Bc1 {[%emt 0:00:56]} Bf8 {[%emt 0:01:57]} 46. Kc3 {[%emt 0:01:39]} Nb8 {[%emt 0:01:24]} 47. Bf4 {[%emt 0:03:12]} Nd7 {[%emt 0:00:55]} 48. Nc1 {[%emt 0:03:32]} Nb6 {[%emt 0:00:51]} 49. Ne2 {[%emt 0:00:34]} Nc4 {[%emt 0:00:46]} 50. Kb3 {[%emt 0:00:02]} Kd7 {[%emt 0:00:26]} 51. Nc3 {[%emt 0:00:17]} Kc6 {[%emt 0:00:25]} 1/2-1/2